000 00631nam a2200253Ia 4500
003 OSt
005 20220912151743.0
006 a|||||r|||| 00| 0
007 ta
008 220909b |||||||| |||| 00| 0 eng d
024 _a64800
037 _cTextual
040 _aCSL
_beng
_cCSL
041 _aeng
082 _aB27, J91
100 _aSerre J P
245 0 _aGroupes algebriques et corps de classes
260 _aParis
_bHerman
_c1959
300 _a204p.
_ccm.
500 _aIncludes bibliography
650 _aGroup theory
942 _hB27, J91
_cTEXL
_2CC
999 _c74590
_d74590